| 000 | 00536nam a2200193 i 4500 | ||
|---|---|---|---|
| 001 | 145973 | ||
| 003 | ES-MaACL | ||
| 005 | 20240529062945.0 | ||
| 007 | t| | ||
| 008 | 071018s1968 sp ||||1| spa d | ||
| 100 | 1 |
_aVega, Lope de, _d1562-1635 _9113563 |
|
| 245 | 1 | 3 |
_aLa Dorotea / _cLope de Vega ; edición de Edwin S. Morby. |
| 250 | _a2ª ed. rev. | ||
| 260 |
_aMadrid : _bCastalia, _c1968. |
||
| 300 |
_a507 p. ; _c25 cm. |
||
| 700 | 1 |
_aMorby, Edwin S. _983179 |
|
| 852 |
_aES-MaACL _jE-8114 _bR.92669 |
||
| 999 |
_c145973 _d145973 |
||